Statistics for Ireland Country Quiz

Click here to take the quiz!

General Stats

  • This quiz has been taken 51,913 times
    (43,667 since last reset)
  • The average score is 13 of 20

Answer Stats

Question Answer % Correct
Capital cityDublin
98%
Patron saintSt. Patrick
93%
Plant that symbolizes IrelandShamrock
90%
Crop that failed: 1845-1852Potatoes
87%
Best-selling Irish beerGuinness
81%
Nickname of IrelandThe {Emerald} Isle
79%
Best-selling Irish rock bandU2
74%
Irish city / Type of poemLimerick
68%
Irish language name for Ireland√Čire
67%
Stone that tourists kissBlarney Stone
64%
Musical instrument on the coat of armsHarp
61%
Largest airlineRyanair
52%
National airlineAer Lingus
50%
Writer of "Ulysses"James Joyce
50%
Wailing woman of Irish mythologyBanshee
50%
Priest in Celtic religionDruid
49%
Name for the Northern Ireland conflictThe {Troubles}
47%
Best-selling Irish whiskeyJameson
46%
City where famous crystal was madeWaterford
40%
Longest riverShannon
35%

Score Distribution

Percentile by Number Answered

Percent of People with Each Score

Your Score History

You have not taken this quiz since the last reset